Мировозрение и общенаучное знание: Общенаучные феномены познания в социально-мировоззренческом контексте

Bibliografiske detaljer
Hovedforfatter: Щелкунов М. Д. Михаил Дмитриевич
Sprog:russisk
Udgivet: Казань, Изд-во Казанского ун-та, 1990
Fag:
Format: MixedMaterials Bog
KOHA link:https://koha.lib.tpu.ru/cgi-bin/koha/opac-detail.pl?biblionumber=18932

MARC

LEADER 00000nam0a2200000 4500
001 18932
005 20231030191454.0
010 |a 5746402427 
035 |a (RuTPU)RU\TPU\book\19087 
035 |a BOOK00003775 
090 |a 18932 
100 |a 20011209d1990 k y0rusy50 ca 
101 0 |a rus 
102 |a RU 
105 |a y z 000zy 
200 1 |a Мировозрение и общенаучное знание  |e Общенаучные феномены познания в социально-мировоззренческом контексте  |f М. Д. Щелкунов 
210 |a Казань  |c Изд-во Казанского ун-та  |d 1990 
215 |a 151 с. 
610 1 |a философия 
610 1 |a наука 
610 1 |a познание 
610 1 |a мировоззрение 
610 1 |a теория познания 
610 1 |a научное знание 
686 |a Ю251  |v LBC/SL-A  |2 rubbk 
700 1 |a Щелкунов  |b М. Д.  |g Михаил Дмитриевич 
801 0 |a RU  |b 63413507  |c 20011209  |g PSBO 
801 2 |a RU  |b 63413507  |c 20130613  |g PSBO 
942 |c BK